[Event "Treppenturnier"]
[Site "Turnierstufe"]
[Date "2022.07.16"]
[Round "?"]
[White "MM I"]
[Black "Constellation"]
[Result "0-1"]
[BlackElo "1602"]
[WhiteElo "1521"]

1.e4 c5 2.Nf3 d6 3.Bb5+ Nc6 { Buchende. } 4.d4 { Buchende. } 4...cxd4 5.Nxd4
Qb6 6.Bxc6+ bxc6 7.Nc3 Nf6 8.O-O Ba6 9.Re1 e5 10.Nf5 Qd8 11.Bg5 h6 12.Bh4 Rb8
13.b3 g6 14.Bxf6 Qxf6 15.Ne3 Bg7 16.Ng4 Qe6 17.f3 O-O 18.Qd2 f5 19.Ne3 Rfd8
20.exf5 gxf5 21.Na4 Bb5 22.Qa5 e4 23.Rad1 exf3 24.gxf3 f4 25.Ng2 Qg6 26.c4
Bxa4 27.Qxa4 Bc3 28.Re4 d5 29.Rxf4 Qc2 30.Rg4+ Kh8 31.Rf1 Qd3 32.cxd5 Qxd5
33.Rg6 Qd3 34.Rxh6+ Kg7 35.Rh4 Bd4+ 36.Rxd4 Qxd4+ 37.Qxd4+ Rxd4 38.Re1 Rd2
39.Re7+ Kf6 40.Re4 Rxa2 41.Rf4+ Ke5 42.Re4+ Kd6 43.Ra4 Rxa4 44.bxa4 Rb2 45.a5
Ra2 46.h4 Rxa5 47.Kf2 a6 48.Kg3 c5 49.Ne3 Ra1 50.f4 a5 51.Nc4+ Kd5 52.Ne5 a4
53.Kg2 a3 54.Ng4 a2 55.Nf6+ Kd4 56.Nh5 Rd1 57.Nf6 a1=Q 58.Kf3 Rg1 59.Ke2 Qf1+
60.Kd2 Rg2# 0-1

[Event "Treppenturnier"]
[Site "Turnierstufe"]
[Date "2022.07.17"]
[Round "?"]
[White "Constellation"]
[Black "MM I"]
[Result "1/2-1/2"]
[BlackElo "1513"]
[WhiteElo "1610"]

1.e4 d5 2.exd5 Qxd5 3.Nc3 { Buchende. } 3...Qd6 { Buchende. } 4.Nb5 Qb6 5.d4
a6 6.Nc3 Nc6 7.d5 Ne5 8.Be2 Bf5 9.Nf3 Nxf3+ 10.Bxf3 Qg6 11.Kd2 $2 { 11.Dd4! }
11...Nf6 12.h3 O-O-O 13.Re1 h6 14.g4 Be6 15.Re5 Nxd5 16.Nxd5 c6 17.Kc3 Bxd5
18.Qe2 e6 19.Be4 Qf6 20.f4 Bd6 21.Bd3 Bxe5+ 22.fxe5 Qh4 23.Qf1 Qe7 24.Be3 Qc7
25.Qf4 c5 26.b4 cxb4+ 27.Kb2 a5 28.Bd4 Rhf8 29.Qe3 Bg2 30.Rg1 Bd5 31.Ra1 a4
32.Bc5 Rh8 33.Bxb4 Qb8 34.Bd6 Qa8 35.Rd1 Qa5 36.Qf4 Rd7 37.Bb4 Qb6 38.Ka1 Qa7
39.Bb5 Rc7 40.Bd6 Rxc2 41.Rc1 Rxc1+ 42.Qxc1+ Bc6 43.Bxc6 bxc6 44.Qxc6+ Kd8
45.Bc5 Qd7 46.Bb6+ Ke7 47.Bc5+ Kd8 48.Bb6+ Ke7 49.Bc5+ Kd8 { (rE 3) } 50.Bb6+
{ Remis 3x } 1/2-1/2

[Event "Treppenturnier"]
[Site "Turnierstufe"]
[Date "2022.07.18"]
[Round "?"]
[White "Constellation"]
[Black "Super Enterprise C"]
[Result "1-0"]
[BlackElo "1618"]
[WhiteElo "1607"]

1.e4 d5 2.exd5 Qxd5 3.Nc3 Qa5 4.d4 { Buchende. } 4...Nf6 5.Nf3 Bg4
{ Buchende. } 6.Be2 Ne4 7.Bd2 Nxd2 8.Qxd2 Bxf3 9.Bxf3 c6 10.O-O e6 11.Rfd1
Bb4 12.Re1 Nd7 13.a3 Bxc3 14.Qxc3 Qxc3 15.bxc3 O-O 16.c4 Nb6 17.c5 Nc4 18.Be2
Na5 19.Rad1 Rad8 20.f3 Rd7 21.Kf2 Rfd8 22.Ke3 e5 23.dxe5 Nc4+ 24.Ke4 Nxe5
25.Kxe5 Re8+ 26.Kf4 Rxd1 27.Rxd1 g5+ 28.Kxg5 Rxe2 29.Kf6 Re6+ 30.Kf5 Re2
31.Kf6 Re6+ 32.Kg5 Rg6+ 33.Kf5 Rxg2 34.Kf6 Rg6+ 35.Kf5 Rh6 36.Rd2 Kg7 37.Kg4
Rg6+ 38.Kf5 Rf6+ 39.Ke4 Re6+ 40.Kf4 Kf6 41.Rd7 Re7 42.Rxe7 Kxe7
{ Für Schwarz ein schlechter Tausch. } 43.Kf5 f6 44.Ke4 Ke6 45.f4 f5+ 46.Kd4
h6 47.Kc4 h5 48.Kd4 Kf6 49.Kc3 h4 50.Kc4 Ke6 51.Kd4 h3 $2
{ Ein Fehler. den der SEC natürlich nicht erkennen kann. } 52.Kc4 Kf7 53.Kd3
Kg6 54.Kd4 Kf6 55.Ke3 Ke6 56.Kd4 a6 57.a4 Kf6 58.Ke3 Ke6 59.c4 Kf7 60.Kf2 Ke7
61.Kg3 Kf8 62.Kh4 $1 { Schön gespielt vom Conny. } 62...Kf7 63.Kg5 $1 Ke6
64.a5 Kd7 65.Kxf5 Ke7 66.Kg6 Kf8 67.f5 Kg8 68.f6 Kf8 { und Aufgabe. } 1-0

[Event "Treppenturnier"]
[Site "Turnierstufe"]
[Date "2022.07.19"]
[Round "?"]
[White "Super Enterprise C"]
[Black "Constellation"]
[Result "0-1"]
[BlackElo "1617"]
[WhiteElo "1608"]

1.c4 e5 2.Nc3 { Buchende. } 2...Nc6 3.Nf3 d6 { Buchende. } 4.d4 Nxd4 5.Nxd4
exd4 6.Qxd4 Ne7 7.c5 Nc6 8.Qe4+ Be6 9.cxd6 Bxd6 10.e3 O-O 11.Bb5 Bd7 12.O-O
Re8 13.Qa4 a6 14.Be2 Nb4 15.Qb3 Be6 16.Qd1 Be5 17.a3 Nd5 18.Nxd5 Bxd5 19.f4
Bf6 20.Bd3 Be4 21.Bxe4 Rxe4 22.Qb3 b6 23.Rd1 Qe7 24.Bd2 Rd8 25.Rac1 Rd6
26.Rb1 Qe6 27.Qxe6 Rexe6 28.g4 Rd8 29.Kf2 c5 30.g5 Be7 31.Bc3 b5 32.Rxd8+
Bxd8 33.Rd1 Bb6 34.Kf3 c4 35.e4 h5 36.f5 Rc6 37.e5 Kf8 38.Rd6 Rxd6 39.Bb4 $2
{ Der weiße Läufer wird auf c3 gebraucht. SEC hätte mit dem Bauern schlagen
sollen, jetzt kommt Schwarz in Vorteil. } 39...Ke8 40.exd6 Bd4 41.a4 bxa4
42.Ba3 Be5 43.f6 g6 44.h3 Kd7 45.Ke3 c3 46.bxc3 Bxc3 47.Kd3 Be5 48.Kc4 Ke6
49.Bc5 Bf4 50.h4 Bg3 51.Kb4 Bxh4 52.Be3 Kxd6 53.Kxa4 Ke5 54.Ka5 Ke4 55.Bd2
Bg3 56.Bb4 Bf4 57.Be1 Bxg5 58.Kxa6 h4 59.Bf2 h3 60.Bg1 Kf3 61.Bh2 Be3 62.Kb5
Bf4 63.Bg1 Kg2 64.Bd4 { und Aufgabe. } 0-1

[Event "Treppenturnier"]
[Site "Turnierstufe"]
[Date "2022.07.20"]
[Round "?"]
[White "Constellation"]
[Black "Super VIP"]
[Result "0-1"]
[BlackElo "1782"]
[WhiteElo "1627"]

1.e4 d5 2.exd5 Nf6 3.d4 Nxd5 4.c4 { Buchende. } 4...Nb6 5.Nf3 Bg4
{ Buchende. } 6.Nbd2 e6 7.Be2 Be7 8.h3 Bf5 9.Nb3 Nc6 10.O-O Be4 11.Nbd2 Bg6
12.Nb3 O-O 13.Bf4 Qd7 14.Re1 Be4 15.Nbd2 Bf5 16.Nb3 Bb4 17.Bd2 Be7 18.Ne5
Nxe5 19.dxe5 f6 20.f4 fxe5 21.fxe5 Bd3 22.Be3 Rfd8 23.Bxb6 axb6 24.Rf1 Kh8
25.Rf3 Bf5 26.Qxd7 Rxd7 27.Rf4 Bc2 28.Rff1 Bxb3 29.axb3 Ra5 30.Bg4 Rd2
31.Bxe6 Rxb2 32.Rxa5 bxa5 33.Rf7 Bc5+ 34.Kh2 Rb1 35.Bf5 Kg8 36.Rxc7 Bg1+
37.Kh1 Rf1 38.Rc8+ Kf7 39.Rc7+ Kg8 40.Be6+ Kf8 41.Rf7+ $2
{ Lenkt in ein verlorenes Endspiel ein. } 41...Rxf7 42.Bxf7 Kxf7 43.Kxg1 Ke6
44.Kf2 Kxe5 45.Ke3 Kd6 46.Kd4 Kc6 47.g4 b6 $2 48.h4 Kd6 49.g5 g6 50.Kd3 Ke5
51.Ke3 Kd6 52.Kd4 Ke6 53.Ke4 Kd6 54.Kd4 Ke6 55.Ke4 Kd6 56.Kd3 Kc6 57.Kd4 Kd6
58.Ke4 $2 { 58. Kd3! (0.00) } 58...Kc5 59.Ke5 Kb4 60.c5 bxc5 61.Kd6 Kxb3
62.Kxc5 a4 63.Kd6 a3 64.Ke6 a2 65.Kf7 a1=Q 66.Kg8 Qa7 67.h5 gxh5 68.Kh8 h4
69.Kg8 h3 70.g6 hxg6 71.Kh8 h2 { Mattankündigung. } 72.Kg8 Qe7 73.Kh8 h1=Q+
74.Kg8 Qa8# 0-1

[Event "Treppenturnier"]
[Site "Turnierstufe"]
[Date "2022.07.21"]
[Round "?"]
[White "Super VIP"]
[Black "Constellation"]
[Result "0-1"]
[BlackElo "1621"]
[WhiteElo "1788"]

1.c4 c5 { Buchende. } 2.g3 { Buchende. } 2...d5 3.Bg2 d4 4.Nf3 Nc6 5.O-O Nf6
6.d3 e5 7.Ng5 Be7 8.f4 Ng4 9.Ne4 O-O 10.fxe5 Ncxe5 11.Bf4 Ng6 12.Bd2 Qb6
13.b3 Be6 14.Na3 N6e5 15.Nc2 h6 16.e3 f5 $5
{ Warum nimmt nicht er den Bauern auf d3? } 17.exd4 fxe4 18.dxe5 exd3 19.Ne3
Nxe5 20.Nd5 Rxf1+ 21.Qxf1 Bxd5 22.Bxd5+ Kh8 23.Re1 Bf6 24.Bc3 Re8 25.Re4 Qd8
26.Kh1 Qd7 27.Re3 Re7 28.Bxe5 Rxe5 29.Rxe5 Bxe5 30.Qxd3 b6 31.Qg6 b5 32.Be4
Kg8 33.Qh5 Bd4 34.cxb5 Kf8 35.Bc6 Qe6 36.Kg2 g5 37.a3 $2 g4 $1 38.Kf1 c4 $1
{ Der Bauer ist tabu, sonst folgt ein Matt in 8! } 39.Bd7 Qxd7 40.Qxh6+ Kg8
41.Qg6+ Bg7 42.bxc4 Qd1+ 43.Kg2 Qe2+ 44.Kg1 Qxc4 45.Qe8+ Kh7 46.Qh5+ Kg8
47.Qe8+ Bf8 48.Qg6+ Kh8 49.Qh5+ Kg7 50.Qe5+ Kf7 51.Qh5+ Ke7 52.Qg5+ Ke8
53.Qe5+ Kd8 54.Qb8+ Qc8 55.Qxc8+ $2
{ Besser ist, die Dame nicht zu tauschen und auf einen Fehler des Gegners
zu hoffen ... } 55...Kxc8 56.a4 Bc5+ 57.Kg2 Kb7 58.a5 Bb4 59.Kf2 Bd2 60.a6+
Kb6 61.Ke2 Bg5 62.Kd3 Kxb5 63.Ke4 Kxa6 64.Kf5 Bc1 65.Kxg4 Kb5 66.Kf3 a5
67.Ke2 a4 68.Kd1 Be3 69.h3 a3 70.Kc2 Kc4 71.h4 Bd4 72.Kb1 Kb3 73.Kc1 a2
74.Kd2 a1=Q 75.Ke2 Qh1 76.Kd3 Bf2 77.Ke2 Bxg3 78.Ke3 Kc3 79.Ke2 Qg2+ 80.Ke3
Qd5 81.h5 Qd3# 0-1

[Event "Treppenturnier"]
[Site "Turnierstufe"]
[Date "2022.07.24"]
[Round "?"]
[White "Constellation"]
[Black "Super VIP"]
[Result "0-1"]
[BlackElo "1774"]
[WhiteElo "1635"]

1.d4 d5 2.c4 Nc6 3.Nc3 { Buchende. } 3...Nf6 { Buchende. } 4.cxd5 Nxd5 5.Nf3
Bg4 6.e4 Bxf3 7.gxf3 Nxc3 8.bxc3 e5 9.d5 Ne7 10.Bg2 c6 11.Rb1 b6 12.c4 b5
13.dxc6 { 13. Lh3! und Weiß geht es sehr gut. } 13...Nxc6 14.cxb5 Bb4+ 15.Bd2
Bxd2+ 16.Qxd2 Qxd2+ 17.Kxd2 Rd8+ 18.Ke3 Nd4 19.Rhc1 Ne6 20.Rc6 Nf4 21.Bf1 Ke7
22.b6 axb6 23.Rcxb6 g5 24.Rb7+ Kf6 25.R1b6+ Kg7
{ Bis hierher ist alles im Lot, aber nun hat der gute alte Conny einen
(verzeihlichen) Blackout: } 26.Rc6 $2 { Nun verliert Weiss den Läufer. }
26...Rd1 27.Rcc7 ( 27.Bc4 $2 Rhd8 28.Rxf7+ Kh8 29.Rf8+
{ Auf jeden anderen Zug folgt schnell das Matt. } 29...Rxf8 30.Rc5 Ra8 31.a4
Rxa4 ) 27...Re1+ 28.Kd2 Rxf1 29.Rxf7+ Kh6 30.a4
{ Der einzig verbliebene Trumpf. } 30...Rxf2+ 31.Kc1 Rxh2 32.a5 Rf2 33.Rf6+
Kh5 34.Rff7 h6 35.a6 Ra8 36.a7 Rxf3 37.Rb8 Rc3+ 38.Kd2 Rd3+ 39.Kc2 Rd8
40.Rbb7 Kg4 41.Rbe7 Ng6 42.Rb7 h5 43.Kb3 h4 44.Rg7 Nf8 45.Rbe7 Kf4 46.Kc3 h3
47.Ref7+ Kxe4 48.Rxg5 Nd7 49.Rg4+ Kd5 50.Ra4 h2 51.Rh4 h1=B 52.Rxh1 Rxa7
53.Rhh7 Rc8+ 54.Kd2 Ra2+ 55.Kd1 Nc5 56.Ra7 Rb2 57.Ra5 Kd4 58.Ra3 Nb3 59.Rxb3
Rxb3 60.Re7 Rb2 61.Rh7 e4 62.Ra7 Rg2 63.Ra4+ Ke3 64.Ra3+ Kf4 65.Ra7 Rg1+
{ Mattankündigung. } 66.Kd2 e3+ 67.Kd3 Rd1+ 68.Ke2 Rd2+ 69.Kf1 Rc1# 0-1

[Event "Treppenturnier"]
[Site "Turnierstufe"]
[Date "2022.07.26"]
[Round "?"]
[White "Super VIP"]
[Black "Regency"]
[Result "1-0"]
[BlackElo "1794"]
[WhiteElo "1780"]

1.Nf3 d5 { Buchende. } 2.b4 Bg4 3.Ne5 { Buchende. } 3...Bh5 4.d4 e6 5.g4 f6
6.gxh5 fxe5 7.dxe5 Bxb4+ 8.c3 Bc5 9.Bf4 Ne7 10.Bh3 Qd7 11.Nd2 O-O 12.Bg3 Nf5
13.Nb3 Bb6 14.Nd4 Ba5 15.Rc1 Nxd4 16.Qxd4 Nc6 17.Qd3 Nd8 18.e4 Qf7 19.exd5
exd5 20.Bg2 c6 21.Qd2 Ne6 22.Bh3 Nc5 23.Qe3 Ne4 24.O-O { (-1.05) } 24...Qxh5
{ (+1.26) } 25.Bg2 Bb6 26.Qd3 Nxg3 27.Qxg3 Rf5 28.e6 Qe2 29.c4 dxc4
{ Regency hat den Super VIP komplett überspielt. } 30.e7
{ Nun greifen beide wechselseitig daneben: } 30...Qxa2 $2 { 30....Te8! }
31.Rcd1 $2 { 31.Lh3! 0.00 } 31...Qa6 $2
{ Jetzt ist der Krypton verloren. MIt 31....De2! wäre er am Drücker
geblieben. } 32.Qd6 Rf7 $2 33.Qd7 $2 { 33. Tde1! } 33...c3 34.e8=Q+ Rxe8
35.Qxe8+ Rf8 36.Qe6+ Kh8 37.Qe7 Rg8 38.Rd7 Qc4 39.Rxb7 c2 40.Qg5 h6 41.Qc1
Qe2 42.Rd7 c5 43.Re1 Qc4 44.Ree7 Qh4 45.Qxc2 Qg4 46.Kh1 Qh5 47.Qc3 Qg4 48.f4
Qf5 49.Rxg7 Qb1+ 50.Bf1 Qe4+ ( 50...Qxf1+ { #2 } 51.Rg1+ Rg7 52.Qxg7# )
51.Rg2+ Qd4 52.Rxd4 cxd4 53.Qc6 { Mattankündigung. } 53...Kh7 54.Bd3+ Rg6
55.Qxg6+ Kh8 56.Qxh6# 1-0

[Event "Treppenturnier"]
[Site "Turnierstufe "]
[Date "2022.07.27"]
[Round "?"]
[White "Regency"]
[Black "Super VIP"]
[Result "0-1"]
[BlackElo "1790"]
[WhiteElo "1784"]

1.e4 c6 2.d4 { Buchende. } 2...g6 { Buchende. } 3.Bg5 Bg7 4.c3 d5 5.Nd2 Nf6
6.e5 Nfd7 7.Ngf3 h6 8.Bh4 c5 9.b4 cxd4 10.cxd4 O-O 11.h3 Nb6 12.Be2 Bf5
13.O-O N8d7 14.Rc1 Rc8 15.Rxc8 Nxc8 16.Qb3 Ndb6 17.Rc1 f6 18.Bd3 Bxd3 19.Qxd3
Kh7 20.Bg3 Na8 21.Qb5
{ Bis hierher spielt Regency den Super VIP an die Wand. } 21...Ncb6 22.e6
{ Zu früh. } 22...Qe8 23.Qd3 Qa4 24.a3 Rc8 25.Rxc8 Nxc8 26.Qe3 Nab6 27.Qc3
Qd1+ 28.Kh2 Qe2 29.Qc7 Qxe6
{ Der vorwitzige Bauer ist weg, der weiße Vorteil minimal. } 30.Qxb7 Qd7
31.Qa6 Nd6 32.Bf4 e6 33.Nb3 Nbc4 34.Nc5 Qe7 35.Bxd6 Nxd6 36.a4
{ Weiß ist am Damenflügel aktiv, Schwarz sollte reagieren, z.B. mit
36....e5. } 36...Kh8 $2 37.b5 Kh7 38.a5 e5 39.dxe5 $2
{ Besser wäre 39. b6 gewesen. Jetzt fühlt sich der Novag wieder wohl. }
39...fxe5 40.b6 axb6 41.Qxb6 e4 42.Nd2 Qg5 43.Ncb3 Qf4+ 44.g3 Qf8 45.a6 Nc8
46.Qe3 Nd6 47.a7 Qa8 48.f3 $2 Nf5 49.Qb6 e3 50.Qb8 $4
{ Hinterm Horizont geht's weiter ... } 50...e2
{ (0.00) Super VIP erkennt sein Glück auch noch nicht. } 51.Qxa8 e1=Q 52.Qb8
Qf2+ { Jetzt sieht er den Sieg: +9.85. } 53.Kh1 Ne3 { Mattankündigung. }
54.Qg8+ Kxg8 55.a8=R+ Kh7 56.Rh8+ Bxh8 57.g4 Qg2# 0-1

[Event "Treppenturnier"]
[Site "Turnierstufe"]
[Date "2022.07.29"]
[Round "?"]
[White "Super VIP"]
[Black "Super Constellation"]
[Result "1-0"]
[BlackElo "1830"]
[WhiteElo "1800"]

1.e4 e5 2.Nf3 Nf6 3.d4 exd4 4.e5 Ne4 5.Qxd4 d5 6.exd6 Nxd6 7.Nc3 Nc6 8.Qf4 g6
9.Bd2 Qe7+ { Buchende. } 10.Be2 Bg7 { Besser: 10.....Le6. } 11.Nd5 Qd8
12.O-O-O Be6 13.Bc3 { Buchende. } 13...Bxc3 14.Nxc3
{ Super Conny kommt gar nicht gut ins Spiel. } 14...Qe7 15.Rhe1 O-O 16.Ng5
Nd8 17.Bf3 Ne8 $2 { Oje. } 18.Qh4 h5 19.Qg3
{ Viel besser ist: 19. Sd5! Die Partie wäre klar verloren. } 19...Nf6 20.Nxe6
Nxe6 { Super Conny hat Riesenglück, dass sein Gegner ungenau spielt. } 21.Nd5
Nxd5 22.Bxd5 Kh7 23.Bxb7 Rab8 24.Bf3 Rfe8 25.Qe5 Kg8 26.Re3 Qh4 27.Bc6 Red8
28.Bd7 Nf8 29.Qxc7 Qxf2 30.Rb3 Nxd7 31.Rxb8 Rxb8 32.Rxd7 Re8
{ Super VIP muss sich in dieser eigentlich längst gewonnenen Partie mit
einem Mehrbauern zufrieden geben... } 33.b3 Re1+ 34.Kb2 Qf6+ 35.Ka3 Re2
36.Rd6 Qf5 37.Rd8+ Kg7 38.Qxa7 Qf6 39.Qc7 Rxg2 40.Ra8 Kh7 41.Ra7 Kg7 42.h3
Re2 43.Qc4 Rf2 44.Rd7 Qa1 45.Qc7 Rf6 46.Re7 Ra6+ 47.Kb4 Qd4+ 48.Kb5 Rf6 49.c4
Rf2 50.Qa7 Qf4 51.a3 Rf3 52.Ka4 Rxh3 { ... und der ist nun auch weg. } 53.Qc5
Qf6 54.Re8 Qa6+ 55.Kb4 Qb7+ 56.Ka5 Kh7 57.Re7 Qf3 58.Qe5 Qf2 59.Qd5 Rf3
60.Ka4 Rf6 61.Qb7 Rf5 62.Qb4 Qg2 63.Qb6 Qd2 64.Qc7 Kg7 65.Re8 Qc3 66.Qd8 Kh7
67.Re7 Qf6 68.Qc7 Rf2 69.Qb7 Kg7 70.Rd7 Ra2 71.Kb4 Re2 72.Ka4 Rf2 73.Qa8 Ra2
74.Qb7 Rb2 75.c5 Rc2 76.b4
{ Super VIP bewegt seine Bauern, sein Gegner nicht. } 76...Rb2 77.Re7 Ra2
78.Rd7 Qf1 79.c6 Qf3 80.Kb5 Rxa3 81.Kb6 Qf2+ 82.Kb5 Qe2+ 83.Kb6 Qc4 84.b5 Rb3
85.Qa6 Rb1 86.Qa5 Rb2 87.Qa6 Qf4 $2
{ Keiner der beiden Rechner hat bis jetzt den Sieg verdient, aber Super
Conny macht nun den entscheidenden Fehler. } 88.c7 Qf6+ 89.Kb7 Qf3+ 90.Ka7
Qe3+ 91.b6 Rc2 92.Qa1+ Kh6 93.Qh8+ Kg5 94.c8=Q Rxc8 95.Qxc8 Qa3+ 96.Qa6 Qc5
97.Rxf7 Qd5 98.Rg7 Qd4 99.Qa5+ Kh6 100.Rb7 h4 101.Rc7 Qd6 102.b7 Qd4+
{ Super Conny lässte seine Draw, Mate und Check-LEDs blinken und gibt damit
auf. } 1-0

[Event "Treppenturnier"]
[Site "Turnierstufe"]
[Date "2022.08.01"]
[Round "?"]
[White "Super Constellation"]
[Black "Super VIP"]
[Result "1/2-1/2"]
[BlackElo "1811"]
[WhiteElo "1819"]

1.e4 e5 2.f4 { Ja, der Super Conny... } 2...Bc5 3.Nf3 d6 4.c3 Nf6 5.fxe5 dxe5
6.Nxe5 Qe7 7.d4 Bd6 8.Nf3 Nxe4 9.Be2 O-O 10.O-O c5 { Buchende. } 11.Bd3
{ Buchende. } 11...cxd4 12.Re1 f5 13.cxd4 Nd7
{ Nicht so gut. Auf c6 hätte der Springer den besseren Platz. } 14.Nc3 Ndf6
15.Bg5 Nxc3 16.Qb3+
{ Typisch für Super Conny: Er versucht die Stellung zu verkomplizieren ...
} 16...Qf7 17.Bc4 Ncd5 18.Bxf6 Qxf6 19.Bxd5+ Kh8 20.Ne5 h6 21.Rac1 Kh7 22.Qf3
Qh4 23.Qc3 Qf6 24.Qh3 Re8 { ... aber Super VIP lässt sich nicht irritieren. }
25.Qh5 Re7 26.Qf3 Bxe5 27.Rxe5 Rxe5 28.dxe5 Qxe5 29.Qb3 f4 30.Qf3 Kh8 31.Qe4
Qxe4 32.Bxe4 Be6 33.Rc7 Bxa2 34.Rxb7 a5 35.Rb5 Re8 36.Rxa5 Rxe4 37.Rxa2 Re2
38.Ra8+ Kh7 39.b4 Rb2 40.Rb8 Kg6 41.b5 Kf7 42.Rb7+ Kf6 43.g3 f3 44.b6 Rd2
45.Rb8 Rg2+ 46.Kf1 Kg6 47.b7 Rb2
{ Das ist natürlich Remis, aber man ja weiß nicht, was unseren Oldies noch
so einfällt. } 48.h3 Kh5 49.Ke1 g6 50.Kf1 g5 51.Ke1 Re2+ 52.Kf1 Rb2 53.Ke1
Re2+ 54.Kf1 Rb2 55.Ke1 { Remis 3x. } 1/2-1/2

[Event "Treppenturnier"]
[Site "Turnierstufe"]
[Date "2022.08.02"]
[Round "?"]
[White "Super VIP"]
[Black "Prisma"]
[Result "1-0"]
[BlackElo "1854"]
[WhiteElo "1811"]

1.e4 c5 2.Nf3 e6 3.d4 cxd4 4.Nxd4 Nc6 5.Nc3 a6 { Buchende. } 6.Be3
{ Buchende. } 6...Bb4 { Der erste berechnete Zug ist nicht so gut. } 7.Nxc6
Bxc3+ 8.bxc3 bxc6 9.Qd6 Ne7 10.Bd3 O-O 11.Rd1 Ng6 12.Bc4 Qa5 13.Bd4
{ Warum zieht Super VIP nochmals beide Läufer, anstatt mit 12. 0-0 die
Entwicklung abzuschließen? Jetzt kommt } 13...e5 14.Qc5
{ Erzwungen und alles ist ausgeglichen. } 14...Qd8 15.Be3 Rb8 16.Bb3 Rb5
17.Qc4 Nf4 18.Bxf4 exf4 19.O-O Qe7 20.Rfe1 Re8 21.Kf1 { Verlegenheitszug. }
21...Re5 22.f3 d5 23.Qxc6 Bb7 24.Qa4 Kf8 25.c4 $2 dxe4 26.Rd7 exf3 $4 ( 
{ Prisma sieht den Gewinn nicht, wohl weil er den Läufer nicht verlieren
will: } 26...Qc5 27.Rxb7 exf3 { ... } ) 27.Rxe7 { Nun gewinnt der Novag. }
27...Rxe1+ 28.Rxe1 fxg2+ 29.Kf2 Rxe1 30.Qb4+ { Natürlich nicht 30. Kxe1. }
30...Re7 31.Qd6 f3 32.c5 Be4 33.Ba4 f5 34.Qd8+ Kf7 35.Bb3+ Kf6 36.Qd6+ Kg5
37.Qxe7+ Kh6 38.h4 g1=Q+ 39.Kxg1 f2+ 40.Kxf2 { Mattankündigung. } 40...g6
41.Bg8 Bxc2 42.Qxh7# 1-0

[Event "Treppenturnier"]
[Site "Turnierstufe"]
[Date "2022.08.04"]
[Round "?"]
[White "Prisma"]
[Black "Super VIP"]
[Result "0-1"]
[BlackElo "1822"]
[WhiteElo "1843"]

1.d4 d5 2.Nf3 Nf6 3.c4 dxc4 4.e3 Bg4 5.h3 Bh5 6.Bxc4 { Buchende. } 6...e6
7.Qb3 Bxf3 8.gxf3 Nbd7 9.Qxb7 c5 { Buchende. } 10.O-O Be7 11.dxc5 Nxc5 12.Qb4
O-O 13.Qd2 e5 14.Nc3 Qc8 15.Nd5 Nxd5 16.Bxd5 Rd8
{ Stärker und logischer ist 16....Dxh3!, aber die Varianten sind für Super
VIP einfach zu tief. } 17.Kg2 Ne6 18.Qa5 Bb4 19.Qxb4 Rxd5 20.Rg1 Rc5 21.Bd2
Rb8 22.Qa3 Ng5 { Es wird gefährlich für den weißen König. } 23.Rh1 Rc2 24.Bc3
$2 Qf5 { Hiarcs zeigt bereits ein Matt an. } 25.f4 Qe4+ 26.Kg1 Nf3+ 27.Kf1
Nd2+ 28.Bxd2 Qxh1+ 29.Ke2 Qxa1 30.Qa5 exf4 31.e4 Qxb2 32.Qxa7 Rxd2+ 33.Kf3
Rd3+ 34.Kg4 h5+ 35.Kh4 Qf6+ { Mattankündigung. } 36.Kxh5 Rb5+ 37.Qc5 Rxc5+
38.e5 Qf5+ 39.Kh4 Rxh3# 0-1

[Event "Treppenturnier"]
[Site "Turnierstufe"]
[Date "2022.08.06"]
[Round "?"]
[White "Super VIP"]
[Black "Kishon Chesster"]
[Result "1-0"]
[BlackElo "1861"]
[WhiteElo "1833"]

1.d4 d5 2.c4 e6 3.Nc3 Nf6 4.Bg5 Be7 5.Nf3 { Buchende. } 5...h6 { Buchende. }
6.Bxf6 Bxf6 7.cxd5 exd5 8.e4 dxe4 9.Nxe4 Qe7 10.Bd3 Nc6 11.Qa4 Bg4 12.d5 Bxb2
$2
{ Die bösen Folgen des Bauernraubes sieht Kishon Chesster erst einen Zug
später. Weitere Kommentare vom Chesster höchstpersönlich. } 13.Rb1
{ "Ohh, nicht gerade angenehm..." } 13...Bxf3 14.gxf3 f5 15.Rxb2
{ "Du bist schlauer als du aussiehst." } 15...fxe4 16.Bxe4 Qc5
{ "Unter uns gesagt, meine Lage könnte ein wenig besser sein," } 17.Bg6+ Ke7
{ "Hey, wie wäre es mit einem Remis?" } 18.Re2+ Kd8
{ "Hör' mal, du beginnst gefährlich zu werden." } 19.dxc6 Qc1+ 20.Qd1+ Qxd1+
21.Kxd1 bxc6 22.Be4 Rb8 23.Rg1 g5 24.Kc1 Rb6 { "Eine Falle,was?" } 25.Rc2 Ke7
26.Bxc6 Rhb8 27.Re2+ Kf8 28.Be4 c5 29.Rd1 c4 30.Rd7 a5 31.Rh7 a4 32.Bc2 Rb2
33.a3 R8b6 34.Ree7 Rb8 35.Rhg7 ( 35.Be4 { HIARCS: #9 } 35...R2b5 36.Rhg7 R5b6
37.Bh7 Rb1+ 38.Bxb1 Rxb1+ 39.Kxb1 c3 40.Ra7 h5 41.Rgb7 c2+ 42.Kxc2 h4 43.Ra8#
) 35...Rxc2+ 36.Kxc2 Rb3 37.Ref7+ Ke8
{ "Wie komm# ich da bloß wieder raus - keine Ahnung". } 38.Ra7 ( 38.Rh7 c3
39.Ra7 Rb2+ 40.Kc1 Rb1+ 41.Kxb1 c2+ 42.Kxc2 Kf8 43.Rh8# ) 38...Kf8
{ "Na, jetzt reicht es." } 39.Rgc7 Rb8
{ "Ok, ich bin nicht wie du. Ich geb' auf." } 40.Rh7
{ "Scheisse...Entschuldigung! Guuuut, du hast gewonnen". } 40...Kg8 1-0

[Event "Treppenturnier"]
[Site "Turnierstufe"]
[Date "2022.08.07"]
[Round "?"]
[White "Kishon Chesster"]
[Black "Super VIP"]
[Result "0-1"]
[BlackElo "1844"]
[WhiteElo "1850"]

1.d4 d6 2.c4 g6 3.Nc3 { Buchende. } 3...Nf6 4.e4 Bg7 5.Nf3 O-O 6.Be2 e5 7.O-O
Nc6 8.d5 Ne7 { Buchende. } 9.Qb3 Ne8 { Im Königsinder lavieren nun beide. }
10.Be3 f5 11.Bd3 Nf6 12.exf5 gxf5 13.Be2 Ng4 14.Bd2 Kh8 15.Ng5 Nf6 16.f4 e4
17.Be3 Ng6 18.Ne6 Bxe6 19.dxe6 { Ist dieser Bauer zu halten? } 19...b6 20.Nb5
a6 21.Nd4 Ne7 22.Rae1
{ Das ist wohl nicht der richtige Turm am richtigen Platz. } 22...Rg8 23.Qa4
d5 24.Nc6 { Jetzt kommt Schwarz in Vorteil. } 24...Nxc6 25.Qxc6 d4 26.Bf2 d3
27.Bd1 Rb8 28.Be3 Re8 29.c5 Qd5 30.Qxc7 Rb7 31.Qe5 Rxe6
{ Der Bauer ist nicht zu halten. } 32.Qc3 Ng4 33.Bb3 Nxe3 34.Bxd5 Bxc3
{ Bis jetzt war Chesster erstaunlich ruhig, nun sagt er: "Ouuuh, nicht
gerade angenehm." } 35.Rxe3 Bd4 36.Kf2 bxc5 37.Bxb7 Rb6 38.Bxe4 $2
{ "Du bist schlauer als du aussiehst." } 38...fxe4 39.b3
{ Chesster fühlt sich noch sehr wohl: "Hör' mal, ich habe eine schlechte
Nachricht für dich." } 39...c4 $1 40.Rc1 c3 41.Rxc3 Bxc3 42.Rxe4 Rb8 43.f5
Rd8 44.Re1 Bxe1+ 45.Kxe1 { "Eine Falle, was?" } 45...d2+ 46.Kd1
{ "Hey, wie wäre es mit einem Remis?" } 46...Rd3 $2 ( 46...Kg7 { Matt in 8. }
47.f6+ Kxf6 48.h4 Kf5 49.a3 Ke4 50.Ke2 d1=Q+ 51.Kf2 Qg4 52.Ke1 Ke3 53.a4 Qe2#
) 47.g4 Kg7 48.g5 Rh3 49.Kxd2 Rxh2+ 50.Kd3 Rxa2 51.Ke3
{ und Kishon Chesster gibt auf. } 0-1

[Event "Treppenturnier"]
[Site "Turnierstufe"]
[Date "2022.08.08"]
[Round "?"]
[White "Super VIP"]
[Black "Emerald"]
[Result "0-1"]
[BlackElo "1885"]
[WhiteElo "1854"]

1.c4 c5 2.b3 Nf6 3.Bb2 { Buchende. } 3...e6 { Buchende. } 4.Nf3 d5 5.e3 Be7
6.Nc3 O-O 7.d4 cxd4 8.exd4 Nc6 9.Be2 Bd7 10.O-O Qa5 11.Ne5 dxc4 12.Nxc4 Qf5
13.Bd3 Qg5 14.Ne5 Rfd8 15.Ne4 { Nach 15. Sf3 wäre noch alles ok. } 15...Nxe4
16.Bxe4 $2
{ Super VIP hat nicht die Rechenkraft seines Gegners. Nun geht die Qualität
verloren. } 16...Nxe5 17.dxe5 Bb5 18.Qb1 Bxf1 19.Qxf1 Qd2 20.Qb1 Bc5 21.Bxh7+
Kh8 22.Be4 Qxf2+ 23.Kh1 Rd7 24.Bc3 Rc8 25.Qf1 Be3 26.Qxf2 Bxf2 27.Be1 Bd4
28.Rd1 Rcc7 29.h4 Bxe5 30.Rxd7 Rxd7 31.Kg1 Bd4+ 32.Kf1 f5 33.Bd3 e5 34.h5 Rf7
35.Bc4 Rf6 36.Ke2 Rh6 37.Bf7 Kh7 38.Bd2 Rf6 39.Bg6+ Rxg6
{ Ein erstaunlich menschlicher Zug, den man von diesem Programm nicht
erwarten durfte. } 40.hxg6+ Kxg6
{ Dieses Endspiel müsste sogar der oft (nicht nur) in dieser Phase planlos
agierende Emerald gewinnen. } 41.Kd3 Kf6 42.Kc4 g6 43.Kd5 a6 44.Bb4 g5 45.Ba3
f4 46.Ke4 g4 47.Bd6 Kf7 48.Kd3 f3 49.gxf3 g3 $1 { Klar. } 50.Bxe5 Bxe5 51.Ke2
b5 { Das muss man nicht weiterspielen. } 0-1